000 00837nas a2200265 i 4500
001 2572
003 ES-MaACL
005 20250731030156.0
008 950801d19601983sp | | 1 |spa d
022 _a2481-3613
080 _a63(059)
245 0 0 _aAlmanaque "La Cosecha".
260 _aMontellano (Sevilla) :
_b[s.n.,
_cca.1960-1983]
_f(Tall. Tip. de "La Cosecha")
300 _a3 v. :
_bil. ;
_c17 cm.
310 _aAnual
362 1 _aComenzó ca. 1960 ; cesó ca. 1983.
650 7 _aAgricultura
_2embne
_99670
655 0 _aAlmanaques
_9241262
852 _aES-MaACL
_cDEPO1
_jA-10497
_z(Año 1980)
852 _aES-MaACL
_cDEPO2
_jC-36714
_z(Año 1968)
852 _aES-MaACL
_cDEPO2
_jC-53549
_z(Año 1973)
866 0 _o1968,1973,1980.
942 _2udc
_cPERIODICA
_n0
999 _c2572
_d2572